00450pam a2200157 a 4500020001100000040002500011041001300036082001500049100002200064245008700086260003700173300001300210365001100223653003400234700002400268 c700.00 aMedical College Libr aENGhENG a617.7bPOD aPodos, Steven M.. aText Book of Ophthalmology Vol - 4 Orbit And Oculoplastics / chTextual Documents aLondon : bMosby-Wolfe , c1995. a415 ; c a700.00 aOphthamologyaMedical Science aTenzel, Richard R..